Paniculitis nodular febril recidivante o Enfermedad de Weber-Christian (Record no. 176071)

MARC details
000 -LEADER
campo de control de longitud fija 01075nam a2200265 i 4500
001 - NÚMERO DE CONTROL
campo de control 176071
003 - IDENTIFICADOR DE NÚMERO DE CONTROL
campo de control ES-MaACL
005 - FECHA Y HORA DE LA ÚLTIMA TRANSACCIÓN
campo de control 20230906215959.0
008 - DATOS DE LONGITUD FIJA--INFORMACIÓN GENERAL
campo de control de longitud fija 101214s1953 sp f |||| | spa d
080 ## - NÚMERO DE LA CLASIFICACIÓN DECIMAL UNIVERSAL
Número de la Clasificación Decimal Universal 616.399
100 1# - ENTRADA PRINCIPAL--NOMBRE DE PERSONA
Nombre de persona Ors Pérez, Juan Pablo d'.
9 (RLIN) 87371
245 10 - MENCIÓN DEL TÍTULO
Título Paniculitis nodular febril recidivante o Enfermedad de Weber-Christian
Resto del título : (exposición de una historia clínica) /
Mención de responsabilidad, etc. por J. P. d'Ors Pérez, F. J. Flórez-Tascón y M. Morales Pleguezuelo.
246 30 - FORMA VARIANTE DEL TITULO
Título propio/Titulo breve Enfermedad de Weber-Christian
260 ## - PUBLICACIÓN, DISTRIBUCIÓN, ETC.
Lugar de publicación, distribución, etc. Madrid :
Nombre del editor, distribuidor, etc. Servicio de Medicina Interna Hospital Militar "Gómez Ulla",
Fecha de publicación, distribución, etc. 1953.
300 ## - DESCRIPCIÓN FÍSICA
Extensión 26 p. , [6] h. de lám. ;
Dimensiones 17 cm.
490 1# - MENCIÓN DE SERIE
Mención de serie Cuadernos de medicina interna ;
Designación de volumen o secuencia 10
504 ## - NOTA DE BIBLIOGRAFÍA, ETC.
Nota de bibliografía, etc. Bibliografía: p. 20-26.
650 #4 - PUNTO DE ACCESO ADICIONAL DE MATERIA--TÉRMINO DE MATERIA
Término de materia o nombre geográfico como elemento de entrada Paniculitis.
9 (RLIN) 144310
700 1# - ENTRADA AGREGADA--NOMBRE PERSONAL
Nombre de persona Flórez Tascón, Francisco José.
9 (RLIN) 51322
700 1# - ENTRADA AGREGADA--NOMBRE PERSONAL
Nombre de persona Morales Pleguezuelo, M.
9 (RLIN) 83068
710 2# - ENTRADA AGREGADA--NOMBRE DE ENTIDAD CORPORATIVA
Nombre de entidad corporativa o nombre de jurisdicción como elemento de entrada Hospital Militar Central "Gómez Ulla"
9 (RLIN) 141700
830 0# - PUNTO DE ACCESO ADICIONAL DE SERIE-TÍTULO UNIFORME
Título uniforme Cuadernos de medicina interna ;
Designación de volumen o secuencia 10
9 (RLIN) 183827
852 ## - LOCALIZACIÓN
Ubicación ES-MaACL
Número de control de estantería 2086-F-4
Holdings
Estatus retirado Estado de pérdida Estado de daño No para préstamo Colección Biblioteca de origen Biblioteca actual Ubicación en estantería Fecha de adquisición Fuente de adquisición Total de préstamos Signatura topográfica completa Código de barras Visto por última vez Precio de reemplazo Tipo de ítem Koha
        Colección de folletos Biblioteca del Ateneo de Madrid Biblioteca del Ateneo de Madrid Depósito folletos 14/12/2010     2086-F-4 1184912 23/02/2023 23/02/2023 Folleto